Statistiques concernant Brassens-Supplique pour être enterré sur la plage de Sète

Cliquez ici pour prendre le quiz!

Statistiques générales

  • Ce quiz a été pris 30 fois
  • Le résultat moyen est 281 sur 465

Statistiques - réponses

Paroles% Correct
à
100%
À
100%
au
100%
dans
100%
Dans
100%
de
100%
De
100%
du
100%
en
100%
est
100%
il
100%
Il
100%
100%
la
100%
La
100%
le
100%
Le
100%
Les
100%
les
100%
m'a
100%
ma
100%
Me
100%
me
100%
Mon
100%
mon
100%
ne
100%
Ne
100%
n'est
100%
ô
100%
par
100%
pas
100%
peu"
100%
Que
100%
que
100%
Qui
100%
qui
100%
se
100%
tout
100%
un
100%
Alors
86%
aux
86%
bon
86%
Camarde
86%
caveau
86%
ce
86%
cerné
86%
comme
86%
D'avoir
86%
des
86%
enterrements
86%
Et
86%
et
86%
famille,
86%
hélas
86%
J'ai
86%
jamais
86%
je
86%
"je
86%
Je
86%
jour
86%
jour,
86%
neuf
86%
œuf
86%
pardonne
86%
pardonné
86%
plein
86%
plus
86%
Pour
86%
près
86%
son
86%
sorte
86%
Sur
86%
sur
86%
ta
86%
Vulgairement
86%
corps
71%
cru
71%
d'ici
71%
donc
71%
d'un
71%
faire
71%
imbécile
71%
jeunes
71%
nez
71%
parlant,
71%
payer
71%
petit
71%
Place
71%
quelque
71%
quelqu'un
71%
remettre
71%
semé
71%
Sète
71%
seul
71%
testament
71%
trou
71%
zèle
71%
âme
57%
belle
57%
bleu
57%
codicille
57%
Dire
57%
écriture
57%
fleurs
57%
Gavroche
57%
Golfe
57%
l'encre
57%
Mimi Pinson
57%
Moi
57%
n'en
57%
57%
57%
plage
57%
point
57%
poursuit
57%
"poussez-vous
57%
quand
57%
Quand
57%
risque
57%
rupture
57%
sa
57%
sable
57%
sable"
57%
seront
57%
sol
57%
tard
57%
Trempe
57%
Trempe,
57%
trempe
57%
trous
57%
Une
57%
une
57%
Vers
57%
vers
57%
advînt
43%
aura
43%
bord
43%
bord"
43%
braves
43%
celle
43%
ces
43%
cimetière
43%
d'accord
43%
dauphins
43%
faudrait
43%
fin
43%
gare
43%
gens
43%
l'âge
43%
l'eau
43%
Lion
43%
Lorsque
43%
lui
43%
même
43%
mer,
43%
natal
43%
Note
43%
Paris-Méditerranée
43%
peut,
43%
peux
43%
pin
43%
Pin
43%
plume,
43%
qu'il
43%
ramené
43%
si
43%
soit
43%
suis
43%
tabellion
43%
Terminus
43%
tombe
43%
vieu
43%
vin
43%
amis
29%
ans
29%
Auprès
29%
autochtones
29%
capitaine
29%
Celles
29%
c'est
29%
C'est
29%
Cette
29%
cette
29%
Chacun
29%
château
29%
"chouette,
29%
Creusez
29%
d'abord
29%
d'enfance,
29%
déplaise
29%
deux
29%
Diront
29%
enfants
29%
fait
29%
flots
29%
grisettes
29%
Juste
29%
l'horizon
29%
Mais
29%
maître
29%
marin
29%
mes
29%
miens
29%
moments
29%
niche
29%
parasol
29%
pastis
29%
possible
29%
première
29%
pris
29%
quinze
29%
révolus
29%
s'amuser
29%
Sauve
29%
ses
29%
sleeping
29%
suffit
29%
titis,
29%
trop
29%
vol
29%
vous
29%
amourette
14%
arête
14%
baigneuses
14%
bateau
14%
bleus
14%
bonbonne
14%
bonne
14%
changer
14%
ciel
14%
concession
14%
connus
14%
corniche
14%
courage
14%
crie
14%
D'affectueuses
14%
Déférence
14%
demander
14%
donnera
14%
d'une
14%
entre
14%
envers
14%
espèce
14%
Est-ce
14%
femme-poisson
14%
furieux
14%
gardée
14%
grève
14%
jadis
14%
l'amour,
14%
leçon
14%
l'humble
14%
long
14%
lopin
14%
mieux
14%
moelleux
14%
moins
14%
naufrage
14%
Neptune
14%
ombre
14%
paravent
14%
Paul Valéry
14%
petite
14%
petits
14%
Plantez,
14%
préférence
14%
prend
14%
prie
14%
prime
14%
qu'au
14%
reçus
14%
renchéris
14%
révérences
14%
sandwich
14%
s'en
14%
sérieux
14%
serviront
14%
sien
14%
sirène,
14%
tableau
14%
tenue
14%
Tous
14%
triste
14%
troubadour
14%
valent
14%
Avalais
0%
bons
0%
chargés
0%
charme
0%
contre
0%
dernier
0%
d'Espagne
0%
d'Italie
0%
échos
0%
fandango
0%
indéfinissable
0%
jolies
0%
l'insolation
0%
Mistral
0%
musiques
0%
parfums,
0%
prémunir
0%
sardane
0%
saura
0%
sommeil
0%
tantôt
0%
Tantôt
0%
tarentelle,
0%
Tramontane
0%
venant
0%
venus
0%
verseront
0%
villanelle
0%

Distribution des résultats

Percentile par nombre de réponses

% des personnes avec chaque résultat

Votre développement - résultats

Vous n’avez pas pris ce quiz